| 000 | 00811cab a22001935a 4500 | ||
|---|---|---|---|
| 001 | E148096 | ||
| 008 | 090723e20090718stko f 000 0 eng d | ||
| 035 | _a(Sirsi) u148096 | ||
| 041 | 0 | _aeng | |
| 100 | 1 | _aMartin, John | |
| 245 | 0 | 0 | _aGovernment believes it's time to act |
| 260 | _c2009 | ||
| 490 |
_aEstates Gazette _v(0928) 18 July 2009, 77-78(2) |
||
| 520 | _aDiscusses a government consultation seeking views on a new way of extending time limits on the implementation of planning permissions. The changes are proposed due to fears that a slowdown in the number of development schemes started could lead to large numbers of permissions lapsing, and thus hold back economic recovery. | ||
| 590 | _aKA | ||
| 651 | 4 |
_aEngland and Wales _y1543- |
|
| 690 |
_aPlanning and development _96259 |
||
| 942 | _n0 | ||
| 999 |
_c81729 _d81729 |
||